Współczesne państwa imperium Holenderskiego - Statystyki

Ogólne statystyki
  • Ten quiz został rozwiązany 18 razy
  • Średni wynik to 5 z 7
Odpowiedzi na mapie
Odpowiedzi zakodowano w zielono-czerwonej skali na mapie do tego quizu, zgodnie z poniższymi procentami.
 
Statystyki odpowiedzi
Podpowiedź Państwo % Poprawnych
Państwo w Europie Holandia
100%
Ogłosiła niepodległość od Holandii w 1975r, wcześniej zwana Gujaną Holenderską Surinam
100%
Ogłosiła niepodległość od Holandii w 1945r Indonezja
88%
Kolonia Holenderska w latach 1600-1814, później Brytyjska zwana Gujaną Brytyjską Gujana
81%
Kolonia Holenderska w latach 1652-1806, później Brytyjska RPA
63%
Kolonia Holenderska w latach 1624-1662, przejęta przez Chiny Tajwan
63%
Kolonia Holenderska w latach 1658 -1796, później Brytyjska Sri Lanka
50%
Nie znaleziono quizów pasujących do podanych kryteriów
Rozkład punktacji
Procent ludzi z każdym wynikiem
Percentyl według liczby udzielonych odpowiedzi
Twoja historia wyników
Nie rozwiązałeś tego quizu